Langues ayant plus de 1 000 000 articles sur Wikipédia - Statistiques

Statistiques générales
  • Ce quiz a été pris 381 fois
    64 depuis la dernière actualisation
  • Le résultat moyen est 13 sur 19
Statistiques - réponses
Nombre d'articles Système d'écriture Langue % Correct
2 039 564 Latin Espagnol
100%
2 689 453 Latin Français
100%
7 006 135 Latin Anglais
98%
1 921 760 Latin Italien
97%
3 022 789 Latin Allemand
95%
1 266 130 Arabe Arabe
95%
1 461 752 Japonais Japonais
95%
1 148 139 Latin Portugais
94%
2 049 267 Cyrillique Russe
92%
1 481 182 Sinogrammes traditionnels ou simplifiés Mandarin
84%
2 189 220 Latin Néerlandais
73%
1 380 033 Cyrillique Ukrainien
71%
2 610 899 Latin Suédois
70%
1 660 189 Latin Polonais
63%
1 042 735 Arabe Perse
29%
1 627 600 Arabe Egyptien
22%
1 294 520 Latin Vietnamien
22%
6 117 597 Latin Cebuano
3%
1 276 410 Latin Waray Waray
0%
Aucun quiz correspondant
Distribution des résultats
% des personnes avec chaque résultat
Percentile par nombre de réponses
Votre historique - résultats
Vous n’avez pas pris ce quiz depuis la dernière actualisation